000 00969nam a2200205 a 4500
008 120416s1980 ||||||||||||||||| || u
050 _aHD 7287 Bas
100 _aBassett, Keith
245 1 0 _aHousing and residential structure
246 _aalternative approaches
260 _aLondon
_bRoutledge and Kegan Paul
_c[1980]
300 _axi, 254 pages : illustrations
350 _a0.00
650 _aHOUSING
650 _aHOUSING DEVELOPMENT--TAJIKISTAN
650 0 _aHOUSING POLICY
995 _aMAIN LIBRARY OPEN ACCESS
_D0.00
_e706889
_FCBU-MAIN LIBRARY (Kitwe)
_H2
_I0.00
_jHD 7287 Bas
_M1
_UAVAILABLE
_y003697
_ZMain Library Open Access Collection
995 _aMAIN LIBRARY OPEN ACCESS
_D0.00
_e706801
_FCBU-MAIN LIBRARY (Kitwe)
_H3
_I0.00
_jHD 7287 Bas
_M3
_UAVAILABLE
_y004347
_ZMain Library Open Access Collection
995 _aMAIN LIBRARY OPEN ACCESS
_D0.00
_e706800
_FCBU-MAIN LIBRARY (Kitwe)
_H1
_I0.00
_jHD 7287 Bas
_M2
_UAVAILABLE
_y004346
_ZMain Library Open Access Collection
999 _c76346
_d76346